[Event "HUN-chT 9798"]
[Site "Hungary"]
[Date "1998.??.??"]
[Round "?"]
[White "Ozsvath, Andras"]
[Black "Gyimesi, Zoltan"]
[Result "0-1"]
[WhiteElo "2310"]
[BlackElo "2500"]

1.e4 c5 2.Nf3 d6 3.Bb5+ Bd7 4.a4 Nc6 5.O-O Nf6 6.Re1 e6 7.c3 a6 8.Bf1 Be7
9.d4 cxd4 10.cxd4 d5 11.e5 Ne4 12.Nbd2 Nxd2 13.Bxd2 Qb6 14.a5 Qa7 15.Bc3 Qb8
16.Qd2 Qd8 17.b4 Na7 18.Qe3 Bb5 19.Nd2 Rc8 20.Nb3 Bxf1 21.Rxf1 Rc4 22.Nd2 Rc6
23.Nb3 Nb5 24.Nc5 Bxc5 25.bxc5 f5 26.f4 h6 27.Bd2 Rc7 28.Rfb1 O-O 29.Rb4 g6
30.Rab1 Rff7 31.Qh3 Rh7 32.Qg3 Rcg7 33.Qd3 g5 34.Rxb5 axb5 35.Qxb5 Qc8 36.Qe2 gxf4
37.Bxf4 Rg4 38.g3 Rhg7 39.Qf3 Kh7 40.h3 R4g6 41.Kh2 Qa8 42.Rb5 Qa6 43.Qb3 Re7
44.Qb4 Rgg7 45.Qb2 Qc6 46.Rb4 Qe8 47.Qe2 Rc7 48.Qf3 Rc6 49.Bd2 Qg6 50.Bf4 Ra6
51.Rb5 h5 52.h4 Qg4 53.Qd3 Ra8 54.Qf1 Ra7 55.Qd3 Rg8 56.Qf1 Rga8 57.Qe1 Qf3
58.Qd2 Qf1 59.Qb4 Kg6 60.Bg5 Qf2+ 61.Kh1 Qxg3 62.Rb6 Ra6 63.Rb5 R8a7 64.Qa4 Qe1+
65.Kg2 Rc6 66.Qb3 Qe4+ 67.Kf2 Qxd4+ 68.Be3 Qxh4+ 69.Ke2 Qc4+ 70.Qxc4 dxc4
71.Bd4 f4 72.Kd2 h4 73.Kc3 h3 74.Bg1 Kf5 75.Kxc4 Kxe5 76.Bh2 Ke4 77.Rb4 e5
78.Kb5+ Kd5 79.Bg1 h2 80.Bxh2 Rxc5+ 81.Ka4 Rcxa5+ 82.Kb3 Ra3+  0-1

[Event "HUN-chT 9798"]
[Site "Hungary"]
[Date "1998.??.??"]
[Round "?"]
[White "Madl, Ildiko"]
[Black "Schneider, Attila"]
[Result "1/2-1/2"]
[WhiteElo "2365"]
[BlackElo "2400"]

1.e4 c5 2.Nf3 d6 3.Bb5+ Bd7 4.Bxd7+ Qxd7 5.c4 Nc6 6.Nc3 g6 7.d4 cxd4 8.Nxd4 Bg7
9.Be3 Nf6 10.f3 O-O 11.O-O Rfc8 12.b3 Qd8 13.Rc1 Qa5 14.Qd2 a6 15.a4 Nxd4
16.Bxd4 Rc6 17.Rfd1 Rac8 18.Bxf6  1/2-1/2

[Event "HUN-chT 9798"]
[Site "Hungary"]
[Date "1998.??.??"]
[Round "?"]
[White "Meszaros, Gyorgy"]
[Black "Gazik, Igor"]
[Result "1/2-1/2"]
[WhiteElo "2195"]
[BlackElo "2370"]

1.e4 c5 2.Nf3 d6 3.Bb5+ Nc6 4.c3 Nf6 5.Qe2 a6 6.Bxc6+ bxc6 7.O-O g6 8.Re1 Bg7
9.d4 cxd4 10.cxd4 O-O 11.Nc3 a5 12.Bg5 h6 13.Bh4 g5 14.Bg3 Nh5 15.e5 a4 16.Ne4 Be6
17.h3 Nxg3 18.Nxg3 Qd7 19.Nh5 Bh8 20.Qe3 Bd5 21.Ng3 Qe6 22.Ne4 Rfb8 23.Re2 Rb4
24.Nc3 Bc4 25.Rd2 Rab8 26.Re1 Bg7 27.Qe4 Qc8 28.Rb1 Be6 29.g4 c5 30.a3 Rc4
31.Ne2 cxd4 32.Rxd4 dxe5 33.Nxe5 Rxd4 34.Nxd4 Rxb2 35.Rxb2 Qc1+ 36.Kg2 Qxb2
37.Qa8+ Kh7 38.Qe4+ Kg8 39.Qa8+ Kh7 40.Qe4+ Kg8 41.Qa8+  1/2-1/2

[Event "HUN-chT 9798"]
[Site "Hungary"]
[Date "1998.??.??"]
[Round "?"]
[White "Horvath, Csaba"]
[Black "Szekely, Peter"]
[Result "1/2-1/2"]
[WhiteElo "2485"]
[BlackElo "2455"]

1.e4 c5 2.Nf3 d6 3.Bb5+ Nd7 4.d4 Nf6 5.O-O a6 6.Bxd7+ Nxd7 7.Nc3 e6 8.d5 Nf6
9.dxe6 Bxe6 10.Ng5 Be7 11.Nxe6 fxe6 12.Bf4 O-O 13.e5 dxe5 14.Bxe5 Qxd1 15.Raxd1 Rad8
16.a3 Kf7  1/2-1/2

[Event "ITA-ch sf"]
[Site "ITA"]
[Date "1998.??.??"]
[Round "?"]
[White "Tribuiani, Renato"]
[Black "Isonzo, Davide"]
[Result "0-1"]
[WhiteElo "2115"]
[BlackElo "2235"]

1.e4 c5 2.Nf3 d6 3.Bb5+ Bd7 4.Bxd7+ Qxd7 5.d3 g6 6.O-O Bg7 7.Re1 Nc6 8.c3 Nf6
9.Nbd2 Ng4 10.Nf1 Nge5 11.h3 Nxf3+ 12.Qxf3 O-O 13.Ng3 b5 14.Bd2 a5 15.Qe3 b4
16.Kh1 a4 17.Rac1 Qe6 18.cxb4 Nxb4 19.a3 Na2 20.Rc4 Rfb8 21.e5 Rxb2 22.Qf3 Rd8
23.exd6 Qxd6 24.Be3 Qxd3 25.Rxc5 Qxa3 26.Qc6 Qb4 27.Rf1 Nc3 28.Qc7 Rb8 29.Qd7 h6
30.Qxe7 a3 31.Bc1 Bf8 32.Qe3 Qxc5  0-1

[Event "Karvina op"]
[Site "Karvina"]
[Date "1998.??.??"]
[Round "?"]
[White "Velicka, Petr"]
[Black "Sobek, Jaroslav"]
[Result "1/2-1/2"]
[WhiteElo "2430"]
[BlackElo "2245"]

1.e4 c5 2.Nf3 d6 3.Bb5+ Nc6 4.Bxc6+ bxc6 5.O-O e5 6.c3 Bg4 7.d3 Nf6 8.h3 Bxf3
9.Qxf3 Be7 10.Nd2 O-O 11.Nc4 Re8 12.Bg5 Nd7 13.Nxd6 Bxg5 14.Qxf7+ Kh8 15.Qxe8+ Qxe8
16.Nxe8 Rxe8 17.Rad1 Nb6 18.b3 Kg8 19.g3 Bf6 20.Kg2 Na8 21.Kf3 Nc7 22.Ke2 Nb5
23.Kd2 Kf7 24.a4 Nd6 25.f4 Ke6 26.Kc2 g5 27.f5+ Kd7 28.Rb1 Kc7 29.b4 c4 30.Rfe1 cxd3+
31.Kxd3 Rd8 32.Kc2 Be7 33.a5 Rb8 34.g4 Ne8 35.Kd3 Nf6 36.Kc4 a6 37.Rbd1 h5
38.gxh5 Rh8 39.Re3 Rxh5 40.Rg1 Ne8 41.Rg4 Nf6 42.Rg2 Ne8 43.Rg4 Nf6  1/2-1/2

[Event "Independence Cup op"]
[Site "Kiev"]
[Date "1998.??.??"]
[Round "4"]
[White "Struk, Pavel"]
[Black "Bondarchuk, Sergei"]
[Result "1-0"]
[WhiteElo "2215"]
[BlackElo "2270"]

1.e4 c5 2.Nf3 d6 3.Bb5+ Bd7 4.Bxd7+ Qxd7 5.c4 Nc6 6.d4 cxd4 7.Nxd4 Nf6 8.Nc3 g6
9.f3 Nxd4 10.Qxd4 Bg7 11.Qd3 O-O 12.O-O Rfc8 13.Bd2 a6 14.Rac1 Rab8 15.b3 b5
16.cxb5 axb5 17.Be3 Qb7 18.Bd4 b4 19.Na4 e5 20.Be3 d5 21.Nc5 Qb5 22.Qxb5 Rxb5
23.Nd7 Rd8 24.Bg5 Nxd7 25.Bxd8 dxe4 26.fxe4 Nc5 27.Be7 Bf8 28.Rxc5 Rxc5 29.Bxc5 Bxc5+
30.Kh1 Kf8 31.Rc1 Bd6 32.Kg1 Ke7 33.g4 Ke6 34.Rc6 Kd7 35.Ra6 Be7 36.Kf2  1-0

[Event "Independence Cup op"]
[Site "Kiev"]
[Date "1998.??.??"]
[Round "6"]
[White "Struk, Pavel"]
[Black "Nogin, Nikolai"]
[Result "1/2-1/2"]
[WhiteElo "2215"]
[BlackElo "2320"]

1.e4 c5 2.Nf3 d6 3.Bb5+ Bd7 4.Bxd7+ Qxd7 5.c4 Nc6 6.d4 cxd4 7.Nxd4 Nf6 8.Nc3 g6
9.f3 Nxd4 10.Qxd4 Bg7 11.Qd3 O-O 12.O-O a6 13.Be3 Rab8 14.a4 b6 15.Rac1 Qb7
16.Nd5 Nxd5 17.cxd5 b5 18.Rc6 bxa4 19.Rb6 Qxb6 20.Bxb6 Rxb6 21.Ra1 Rc8 22.h4 Rb4
23.Qxa6 Bd4+ 24.Kh2 Rc2 25.Kh3 Rbxb2 26.Qxa4 e6 27.Qe8+ Kg7 28.Ra8 Kh6 29.Qf8+ Bg7
30.Qe7 Rxg2 31.Qxd6 Rg1 32.Re8 Kh5 33.e5 f5 34.f4 Rh1+ 35.Kg3 Rg1+ 36.Kf3  1/2-1/2

[Event "Kiev-ch"]
[Site "Kiev"]
[Date "1998.??.??"]
[Round "7"]
[White "Mishchenko, Victor"]
[Black "Perun, Sergey"]
[Result "0-1"]
[WhiteElo "2225"]
[BlackElo "2375"]

1.e4 c5 2.Nf3 d6 3.Bb5+ Bd7 4.Bxd7+ Qxd7 5.c4 Nf6 6.Nc3 e6 7.O-O Be7 8.d4 cxd4
9.Nxd4 a6 10.Be3 O-O 11.Rc1 Qc7 12.Qe2 Nbd7 13.Rfd1 Rfc8 14.b3 Qa5 15.a4 Bf8
16.f3 d5 17.exd5 exd5 18.Nxd5 Nxd5 19.cxd5 Qxd5 20.Rc2 Re8 21.Rc3 Qa5 22.Rdc1 Nf6
23.Rd3 Nd5 24.Bd2 Rxe2 25.Bxa5 Rxg2+ 26.Kxg2 Nf4+ 27.Kf1 Nxd3 28.Rc7 b5 29.Rc3 Nb4
30.axb5 Nd5 31.b6 Nxc3 32.Nc6 Bd6 33.b7 Re8 34.Bxc3 Bxh2 35.Bd4 Bb8 36.Bc5 f6
37.Nb4 Re6 38.Kf2 Kf7 39.f4 f5 40.Kf3 Ke8 41.Bd4 Kd7 42.Nd3 Kc6  0-1

[Event "Independence Cup op"]
[Site "Kiev"]
[Date "1998.??.??"]
[Round "8"]
[White "Struk, Pavel"]
[Black "Perun, Sergey"]
[Result "1-0"]
[WhiteElo "2215"]
[BlackElo "2375"]

1.e4 c5 2.Nf3 d6 3.Bb5+ Bd7 4.Bxd7+ Nxd7 5.O-O Ngf6 6.Qe2 e6 7.b3 Be7 8.Bb2 O-O
9.c4 a6 10.Nc3 Ne5 11.Rad1 Qb8 12.a4 Qc7 13.d4 Nxf3+ 14.Qxf3 cxd4 15.Rxd4 Qb6
16.Ne2 Qc5 17.Rc1 Rfc8 18.Rd3 Rc6 19.Qg3 Rac8 20.Rf3 Qh5 21.Nd4 Nxe4 22.Qf4 f5
23.Nxe6 g6 24.Re1 Nf6 25.Rh3 Qg4 26.Qh6 Nh5 27.f3  1-0

[Event "Kishinev (Women)"]
[Site "Kishinev"]
[Date "1998.??.??"]
[Round "1"]
[White "Peptan, Corina"]
[Black "Madl, Ildiko"]
[Result "1-0"]
[WhiteElo "2410"]
[BlackElo "2380"]

1.e4 c5 2.Nf3 d6 3.Bb5+ Bd7 4.Bxd7+ Qxd7 5.c4 Qg4 6.O-O Qxe4 7.d4 cxd4 8.Re1 Qg4
9.Na3 a6 10.Qb3 Qd7 11.c5 e6 12.cxd6 Bxd6 13.Nc4 Bc5 14.Nfe5 Qe7 15.Qg3 g6
16.Nd3 b5 17.Qe5 f6 18.Qe4 Ra7 19.Nxc5 Qxc5 20.Na5 Qe5 21.Qxe5 fxe5 22.Rxe5 Kf7
23.Bf4 Nf6 24.Rd1 Rd8 25.Ree1 Ra8 26.Nb7 Rd5 27.Nd6+ Kf8 28.Rxe6 Nbd7 29.Ne4 Kf7
30.Rd6 Re8 31.Rxd5 Rxe4 32.R5xd4 Re2 33.Rxd7+ Nxd7 34.Rxd7+ Ke6 35.Rd1 Rxb2
36.Ra1 Kd5 37.a3 a5 38.Bc7 a4 39.Ba5 Kd4 40.g3 Kd3 41.Re1 Rb3 42.Bb4 Rxb4
43.axb4 Kc3 44.f4  1-0

[Event "Kishinev (Women)"]
[Site "Kishinev"]
[Date "1998.??.??"]
[Round "10"]
[White "Kovalevskaya, Ekaterina"]
[Black "Peptan, Corina"]
[Result "1/2-1/2"]
[WhiteElo "2390"]
[BlackElo "2410"]

1.e4 c5 2.Nf3 d6 3.Bb5+ Nd7 4.d4 cxd4 5.Qxd4 e5 6.Qd3 h6 7.O-O Nf6 8.Nc3 Be7
9.Nh4 a6 10.Bxd7+ Bxd7 11.Nf5 Bxf5 12.exf5 d5 13.Qg3 d4 14.Ne2 Qd5 15.Bd2 Ne4
16.Qd3 O-O 17.Rfe1 Bh4 18.Ng3 Nxg3 19.hxg3  1/2-1/2

[Event "Klatovy op-A"]
[Site "Klatovy"]
[Date "1998.??.??"]
[Round "?"]
[White "Kucera, Petr"]
[Black "Hrbolka, Ladislav"]
[Result "1/2-1/2"]
[WhiteElo "2340"]
[BlackElo "2130"]

1.e4 c5 2.Nf3 d6 3.Bb5+ Bd7 4.Bxd7+ Qxd7 5.O-O g6 6.c4 Bg7 7.d4 cxd4 8.Nxd4 Nc6
9.Be3 Nh6 10.f3 f5 11.Qd2 Nf7 12.Nc3 O-O 13.Rad1 Nfe5 14.b3 b6 15.Nde2 Rad8
16.h3 Kh8 17.f4 Nf7 18.exf5 Qxf5 19.Nd5 Qd7 20.Nd4 e6 21.Nxc6 Qxc6 22.Nb4 Qc8
23.Bd4 e5 24.Bb2 Nh6 25.g4 exf4 26.Bxg7+ Kxg7 27.Qc3+ Kg8 28.Nd5 Rf7 29.Nf6+ Rxf6
30.Qxf6 Nxg4 31.Qxf4 Ne5 32.Kh2 Rd7 33.Qe4 Qd8 34.Rf2 Qg5 35.Qf4 Qd8 36.Qf6 Qb8
37.Rdf1 d5 38.Qf8+ Qxf8 39.Rxf8+ Kg7 40.cxd5 Rxd5 41.R8f2 h5 42.Rc1 a5 43.Rc7+ Kh6
44.Re7 Kg5 45.Re6 b5 46.a4 bxa4 47.bxa4 Kh4 48.Re2 Nf3+ 49.Kg2 Ng5  1/2-1/2

[Event "Russia-chB (Women)"]
[Site "Kolontaevo"]
[Date "1998.??.??"]
[Round "?"]
[White "Vrublevskaya, Olga"]
[Black "Sorokina, Tamara"]
[Result "1/2-1/2"]
[WhiteElo "2225"]
[BlackElo "2145"]

1.e4 c5 2.Nf3 d6 3.Bb5+ Bd7 4.Bxd7+ Nxd7 5.c4 g6 6.O-O Bg7 7.Nc3 Ngf6 8.d3 O-O
9.h3 a6 10.a4 Nb8 11.Be3 e5 12.Nh2 Nc6 13.f4 exf4 14.Bxf4 Nh5 15.Be3 Ne5
16.Nf3 Ng3 17.Re1 f5 18.Nxe5 Bxe5 19.d4 Bg7 20.Bf2 Nxe4  1/2-1/2

[Event "MK Cafe Cup-B"]
[Site "Koszalin"]
[Date "1998.??.??"]
[Round "3"]
[White "Erenska Radzewska, Hanna"]
[Black "Gunajew, Rafal"]
[Result "0-1"]
[WhiteElo "2225"]
[BlackElo "2160"]

1.e4 c5 2.Nf3 d6 3.Bb5+ Nc6 4.Bxc6+ bxc6 5.d3 e5 6.h3 Be7 7.Bd2 Nf6 8.b3 O-O
9.Nc3 Ne8 10.g4 Nc7 11.Ne2 Ne6 12.Qc1 Nd4 13.Neg1 Bd7 14.Qb2 Qc8 15.Nxd4 cxd4
16.O-O-O c5 17.f4 a5 18.Nf3 a4 19.fxe5 axb3 20.cxb3 d5 21.Kb1 dxe4 22.dxe4 Qb7
23.Rhe1 Rfb8 24.Bg5 Bf8 25.Nd2 Bb5 26.Rc1 Bd3+ 27.Ka1 Ra6 28.Rc4 Rba8 29.Rec1 Rxa2+
30.Qxa2 Rxa2+ 31.Kxa2 Bxc4 32.Rxc4 h6 33.Bh4 Qc7 34.Nf3 Qb7 35.Nd2 Qb8 36.Bg3 Be7
37.Kb2 h5  0-1

[Event "MK Cafe Cup-B"]
[Site "Koszalin"]
[Date "1998.??.??"]
[Round "5"]
[White "Hadrys, Bogdan"]
[Black "Zawadzki, Stanislaw"]
[Result "1-0"]
[WhiteElo "2120"]
[BlackElo "2245"]

1.e4 c5 2.Nf3 d6 3.Bb5+ Bd7 4.Bxd7+ Nxd7 5.c4 Ngf6 6.Nc3 g6 7.d4 cxd4 8.Nxd4 Bg7
9.O-O O-O 10.b3 Nc5 11.f3 Qb6 12.Be3 a5 13.Rb1 Rfc8 14.Qd2 Qa6 15.Ndb5 a4
16.Rfd1 h5 17.Bg5 axb3 18.axb3 Ne6 19.Bxf6 Bxf6 20.Nd5 Bg5 21.Qf2 Rc5 22.f4 Bf6
23.f5  1-0

[Event "RUS-ch sf"]
[Site "Krasnodar"]
[Date "1998.??.??"]
[Round "?"]
[White "Veresagin, Jurij"]
[Black "Sanarov, Oleg"]
[Result "1-0"]
[WhiteElo "2420"]
[BlackElo "2290"]

1.e4 c5 2.Nf3 d6 3.Bb5+ Bd7 4.Bxd7+ Qxd7 5.c4 Nc6 6.Nc3 g6 7.d4 cxd4 8.Nxd4 Bg7
9.Be3 Nf6 10.f3 O-O 11.O-O Rac8 12.Nde2 a6 13.Na4 Rb8 14.Nb6 Qd8 15.Qd2 Nd7
16.Nd5 Re8 17.Rac1 e6 18.Ndc3 Nde5 19.b3 Qa5 20.h3 Red8 21.Bg5 Rdc8 22.f4 Nd7
23.e5 Nc5 24.exd6 f6 25.Bh4 Rd8 26.Rfd1 Rd7 27.Qe3 Rbd8 28.Be1 Nb4 29.a3 Nbd3
30.b4 Qxa3 31.bxc5 Nxc1 32.Rxc1 Kh8 33.Rb1 Rc8 34.Bf2 Re8 35.Qf3 f5 36.Qe3 e5
37.Bg3 e4 38.Bf2 Kg8 39.Nd5 Qa2 40.Rc1 a5 41.Be1 Rdd8 42.Bc3 Qa3 43.Bxg7 Qxe3+
44.Nxe3 Kxg7 45.Rb1 Rd7 46.Nc3 Rc8 47.Na4 Rc6 48.Nd5 Kf7 49.Kf2 h6 50.Ke3 g5
51.h4 gxh4 52.Rh1  1-0

[Event "RUS-ch sf"]
[Site "Krasnodar"]
[Date "1998.??.??"]
[Round "?"]
[White "Sanarov, Oleg"]
[Black "Maiorov, Oleg"]
[Result "0-1"]
[WhiteElo "2290"]
[BlackElo "2405"]

1.e4 c5 2.Nf3 d6 3.Bb5+ Nd7 4.d4 cxd4 5.Qxd4 Nf6 6.O-O e5 7.Qd3 h6 8.c4 Be7
9.Nc3 O-O 10.Bxd7 Bxd7 11.b3 Bc6 12.Rd1 Qc7 13.Qe2 Rfd8 14.Bb2 Rac8 15.Rac1 Qb8
16.Nd2 Bf8 17.a4 b6 18.Nf1 Ne8 19.b4 g6 20.Ne3 Nf6 21.f3 Bd7 22.b5 Be6 23.Ncd5 Nd7
24.Nb4 Qc7 25.Nc6 Re8 26.Nd5 Qb7 27.Ba1 a5 28.Qb2 f6 29.Rf1 h5 30.f4 Bxd5
31.cxd5 Nc5 32.fxe5 fxe5 33.Rf3 Bh6 34.Rcf1 Rf8 35.Qc2 Qd7 36.h3 Rxf3 37.Rxf3 Rf8
38.Rxf8+ Kxf8 39.Qe2 Qf7  0-1

[Event "RUS-Cup"]
[Site "Krasnoiarsk"]
[Date "1998.??.??"]
[Round "4"]
[White "Chigvintsev, Andrei"]
[Black "Ariskin, Alexey"]
[Result "1-0"]
[WhiteElo "2395"]
[BlackElo "2335"]

1.e4 c5 2.Nf3 d6 3.Bb5+ Nc6 4.O-O Bd7 5.Re1 a6 6.Bf1 g6 7.c3 Bg7 8.h3 e5
9.Na3 Nge7 10.Nc4 Be6 11.Ng5 Bc8 12.a4 h6 13.Nf3 O-O 14.d4 cxd4 15.cxd4 exd4
16.Bf4 d5 17.exd5 Nxd5 18.Bd6 Re8 19.Rxe8+ Qxe8 20.Qb3 Be6 21.Qxb7 Ra7 22.Qb3 a5
23.Qb5 Qd7 24.Nce5 Nxe5 25.Bxe5 Bxe5 26.Nxe5 Qxb5 27.axb5 Nb4 28.Bc4 Bxc4
29.Nxc4 d3 30.b6 Rb7 31.Rxa5 d2 32.Ra8+ Kg7 33.Rd8 Kf6 34.Rxd2 Ke7 35.f4 Na6
36.Rd5 Nb4 37.Rd1 Ke6 38.Rd6+ Ke7 39.Kf2 Na6 40.Rd5 Nb8 41.Rc5 Kd8 42.Rd5+ Ke7
43.Ra5 Nc6 44.Rc5  1-0

[Event "RUS-ch sf"]
[Site "Kstovo"]
[Date "1998.??.??"]
[Round "3"]
[White "Hasangatin, Ramil"]
[Black "Korobov, Ilya"]
[Result "1-0"]
[WhiteElo "2460"]
[BlackElo "2395"]

1.e4 c5 2.Nf3 d6 3.Bb5+ Bd7 4.Bxd7+ Qxd7 5.O-O Nc6 6.c3 Nf6 7.d4 Nxe4 8.d5 Nd8
9.Re1 Nf6 10.Bg5 e5 11.Bxf6 gxf6 12.Nh4 Rg8 13.Nd2 Qg4 14.Re4 Qxd1+ 15.Rxd1 b5
16.a4 a6 17.Ra1 Rb8 18.axb5 axb5 19.b4 Kd7 20.Nf5 Rg5 21.g4 Be7 22.f3 Nb7
23.Re2 Rgg8 24.Ne4 cxb4 25.cxb4 Rgc8 26.Ne3 Bd8 27.Kg2 Bb6 28.Nf5 Bd8 29.Ra7 Be7
30.Rea2 Rc7 31.R2a6 Rbc8 32.Kg3 Rd8 33.Nxe7  1-0

[Event "RUS-ch sf"]
[Site "Kstovo"]
[Date "1998.??.??"]
[Round "6"]
[White "Hasangatin, Ramil"]
[Black "Voitsekhovsky, Stanislav"]
[Result "1/2-1/2"]
[WhiteElo "2460"]
[BlackElo "2540"]

1.e4 c5 2.Nf3 d6 3.Bb5+ Bd7 4.c4 Bxb5 5.cxb5 Nf6 6.Nc3 g6 7.d4 cxd4 8.Nxd4 Bg7
9.O-O O-O 10.Bg5 Nbd7 11.Qd2 Rc8 12.Bh6 Ne5 13.Bxg7 Kxg7 14.b3 Rc5 15.Nde2 Qc7
16.Rac1 Rc8 17.h3 Ned7 18.Qd4 Nb6 19.f4 e5 20.Qf2 Qe7 21.Kh1 exf4 22.Qxf4 Re5
23.Ng3 d5 24.Nxd5 Nbxd5 25.exd5 Rxc1 26.Rxc1 Rxd5 27.a4 Rd3 28.Kh2  1/2-1/2

[Event "POR-chT2"]
[Site "Lisbon"]
[Date "1998.??.??"]
[Round "?"]
[White "Rodrigues, Nuno"]
[Black "Leal, Paulo"]
[Result "1/2-1/2"]
[WhiteElo "2165"]
[BlackElo "2085"]

1.e4 c5 2.Nf3 d6 3.Bb5+ Bd7 4.Bxd7+ Qxd7 5.O-O Nc6 6.c3 Nf6 7.Qe2 e6 8.d4 cxd4
9.cxd4 d5 10.e5 Ne4 11.Be3 Be7 12.Ne1 f6 13.f3 Ng5 14.Nd3 Nf7 15.Bf2 f5 16.f4 b6
17.Nd2 O-O 18.h3 Rac8 19.g4 Nh6 20.g5 Nf7 21.Nf3 g6 22.h4 Nb4 23.Nxb4 Bxb4
24.Rac1 Rc7 25.Rxc7 Qxc7 26.a3 Be7 27.Be3 Qc4 28.Qf2 Rc8 29.Rc1 Qa6 30.Re1 Qa4
31.Re2 b5 32.Kh2 a5  1/2-1/2

[Event "Ljubljana op"]
[Site "Ljubljana"]
[Date "1998.??.??"]
[Round "5"]
[White "Brumen, Dinko"]
[Black "Stevanec, Lea"]
[Result "1-0"]
[WhiteElo "2385"]
[BlackElo "2045"]

1.e4 c5 2.Nf3 d6 3.Bb5+ Nd7 4.d4 cxd4 5.Qxd4 e6 6.O-O a6 7.Bxd7+ Bxd7 8.Nc3 Qc7
9.Bg5 Qc5 10.Qd3 Be7 11.Bxe7 Nxe7 12.Rad1 Nc8 13.e5 d5 14.Ne4 Qe7 15.Ng3 h5
16.h4 Nb6 17.Qd4 Na4 18.c4 O-O-O 19.cxd5 exd5 20.Qa7 Nxb2 21.Rb1 Qa3 22.Rfc1+ Bc6
23.Nd4 Rd7 24.Nb5 b6  1-0

[Event "SLO-ch"]
[Site "Maribor"]
[Date "1998.??.??"]
[Round "5"]
[White "Mohr, Georg"]
[Black "Podkriznik, Gregor"]
[Result "1/2-1/2"]
[WhiteElo "2455"]
[BlackElo "2330"]

1.e4 c5 2.Nf3 d6 3.Bb5+ Nd7 4.O-O Nf6 5.Re1 e6 6.c3 Be7 7.d4 O-O 8.Nbd2 Re8
9.e5 dxe5 10.dxe5 Nd5 11.Ne4 a6 12.Bd3 Nf8 13.Bg5 Bd7 14.Qd2 Bxg5 15.Nfxg5 h6
16.Nf3 Qe7 17.Nd6 Reb8 18.Be4 Bc6 19.a3 Qc7 20.h4 Rd8 21.c4  1/2-1/2

[Event "FRA-chB"]
[Site "Meribel"]
[Date "1998.??.??"]
[Round "7"]
[White "Brochet, Philippe"]
[Black "Touzane, Olivier"]
[Result "1/2-1/2"]
[WhiteElo "2270"]
[BlackElo "2350"]

1.e4 c5 2.Nf3 d6 3.Bb5+ Bd7 4.Bxd7+ Qxd7 5.c4 Nf6 6.Nc3 Nc6 7.O-O Ne5 8.b3 e6
9.Qe2 Be7 10.Rd1 Nfg4 11.Nxe5 Nxe5 12.d4 cxd4 13.Rxd4 Qc6 14.Ba3 a6 15.Rad1 b5
16.Bxd6 Bxd6 17.Rxd6 Qc5 18.Qh5 g6 19.Qh6 Qxf2+ 20.Kxf2 Ng4+ 21.Kg3 Nxh6
22.cxb5 axb5 23.Nxb5 Ke7 24.a4 Rhc8 25.Rd7+ Kf6 26.Rc7 Rxc7 27.Nxc7 Rb8 28.Rd3 Ke5
29.Kf3 f5 30.exf5 Nxf5 31.Nb5 h5 32.Rc3 Nh4+ 33.Kf2 Rf8+ 34.Kg1 Rd8 35.Rc5+ Ke4
36.h3 Nf5 37.g4 Kf3 38.Nc3 hxg4 39.hxg4 Ng3 40.Rc7 Rd2 41.Rf7+ Kxg4 42.Rf2 Rd3
43.Ne2 Rxb3 44.Rg2 Rb1+ 45.Kf2 Rf1+ 46.Ke3 Ra1 47.Rxg3+ Kh4 48.Rxg6 Rxa4
49.Nd4 Kh5 50.Rg1 Ra3+ 51.Kf4 Ra5 52.Nxe6 Ra4+ 53.Kf5 Ra5+ 54.Ke4 Ra4+ 55.Nd4 Kh6
56.Ke5 Ra5+ 57.Kf6 Ra6+ 58.Ne6 Kh5  1/2-1/2

[Event "Miercurea Ciuc op"]
[Site "Miercurea Ciuc"]
[Date "1998.??.??"]
[Round "7"]
[White "Ionescu, Mihai"]
[Black "Ardeleanu, Alin"]
[Result "0-1"]
[WhiteElo "2260"]
[BlackElo "2420"]

1.e4 c5 2.Nf3 d6 3.Bb5+ Nd7 4.O-O a6 5.Bxd7+ Qxd7 6.d4 cxd4 7.Qxd4 e5 8.Qd3 Qc6
9.c4 b5 10.Nfd2 Nf6 11.Nc3 Rb8 12.b3 Be7 13.Bb2 Be6 14.cxb5 axb5 15.Rac1 Qb7
16.Ne2 O-O 17.h3 Ra8 18.Ra1 Rfd8 19.Ng3 d5 20.Qe2 dxe4 21.Ndxe4 Nxe4 22.Nxe4 Bd5
23.f3 Bxe4 24.fxe4 Bc5+ 25.Kh2 Bd4 26.Rfe1 Bxb2 27.Qxb2 Rd4 28.Qc2 Rc8 29.Qe2 b4
30.Rac1 Rxc1 31.Rxc1 g6 32.Rc4 Qd7 33.Qc2 Kg7 34.Rc8 Qe7 35.Rc4 Qd8 36.Qc1 h5
37.Qe1 Rd1 38.Qg3 Qe7 39.Rc2 h4 40.Qe3 Qd8 41.Rf2 Rd3 42.Qa7 Rd7 43.Qe3 Qe7
44.Qc1 Rd3 45.Qf1 Rd4 46.Re2 Qg5 47.Rf2 Rd7 48.Rf3 Rc7 49.Qf2 f6 50.Qb2 Rd7
51.Qf2 Rd2 52.Qf1 Rxa2  0-1

[Event "Miercurea Ciuc op"]
[Site "Miercurea Ciuc"]
[Date "1998.??.??"]
[Round "9"]
[White "Ionescu Brandis, Irina"]
[Black "Glodeanu, Ion"]
[Result "1/2-1/2"]
[WhiteElo "2330"]
[BlackElo "2340"]

1.e4 c5 2.Nf3 d6 3.Bb5+ Bd7 4.Bxd7+ Nxd7 5.c4 Ngf6 6.Nc3 e6 7.O-O a6 8.d4 cxd4
9.Qxd4 Rc8 10.b3 Be7 11.Bb2 O-O 12.Qd2 b5 13.cxb5 axb5 14.e5 dxe5 15.Nxb5 e4
16.Nfd4 Ne5 17.Rac1 Bc5 18.b4 Be7 19.Rxc8 Qxc8 20.Rc1 Qb8 21.a3 Rd8 22.Qe2 Nd3
23.Nc6 Nxc1 24.Bxc1 Qb7 25.Nxd8 Bxd8 26.Be3 Qa6 27.Qc4 Nd5 28.h3 f5 29.a4 Qxa4
30.Qc6 Qa1+ 31.Kh2 Qe5+ 32.g3 Qf6 33.Qe8+ Qf8 34.Qxe6+ Qf7 35.Qd6 Be7 36.Qb8+ Bf8
37.Bc5 g6 38.Nd6 Qc7 39.Qxc7 Nxc7 40.g4 Be7 41.gxf5 Bxd6+ 42.Bxd6 Nb5 43.fxg6 Nxd6
44.gxh7+ Kxh7 45.Kg3 Kg6 46.Kf4 Kf6 47.h4 Nf5 48.h5 Nd6 49.h6 Kg6 50.Ke5 Nb5
51.Kxe4 Kxh6 52.Kd5  1/2-1/2

[Event "Montecatini Terme op"]
[Site "Montecatini Terme"]
[Date "1998.??.??"]
[Round "2"]
[White "Mariotti, Sergio"]
[Black "Yudasin, Leonid"]
[Result "0-1"]
[WhiteElo "2380"]
[BlackElo "2540"]

1.e4 c5 2.Nf3 d6 3.Bb5+ Nd7 4.d4 Nf6 5.Nc3 cxd4 6.Qxd4 e5 7.Qd3 h6 8.Nd2 Be7
9.Nc4 O-O 10.Bxd7 Bxd7 11.Ne3 Rc8 12.g4 Nxg4 13.Nxg4 Bxg4 14.Rg1 h5 15.h3 Be6
16.Qf3 f5 17.Bh6 Rf7 18.exf5 Bf8 19.Qxh5 Bxf5 20.O-O-O b5 21.Rd2 b4 22.Nd5 Qa5
23.Bxg7 Bxg7 24.Rxg7+ Kxg7  0-1

[Event "Montecatini Terme op"]
[Site "Montecatini Terme"]
[Date "1998.??.??"]
[Round "2"]
[White "Grosse Kloenne, Elmar"]
[Black "Ortega, Lexy"]
[Result "0-1"]
[WhiteElo "2270"]
[BlackElo "2475"]

1.e4 c5 2.Nf3 d6 3.Bb5+ Nd7 4.O-O Nf6 5.Re1 a6 6.Bf1 b6 7.c4 Bb7 8.Nc3 Ne5
9.a3 Rc8 10.d3 e6 11.Rb1 Be7 12.b4 cxb4 13.axb4 O-O 14.Nxe5 dxe5 15.Be3 Qc7
16.f3 Nd7 17.Qb3 h6 18.Red1 Rfd8 19.Kh1 Ra8 20.h3 Rdc8 21.Qb2 Bc6 22.d4 exd4
23.Bxd4 Bf6 24.Qf2 Rd8 25.Bxf6 Nxf6 26.Rxd8+ Rxd8 27.c5 Qe5 28.Qe3 b5 29.Ra1 Nd5
30.Nxd5 Qxa1 31.Ne7+ Kh7 32.Nxc6 Rd1 33.Nb8 Rxf1+ 34.Kh2 Qe5+  0-1

[Event "Montecatini Terme op"]
[Site "Montecatini Terme"]
[Date "1998.??.??"]
[Round "7"]
[White "De Vita, Igor"]
[Black "Costantini, Roberto"]
[Result "1-0"]
[WhiteElo "2125"]
[BlackElo "2140"]

1.e4 c5 2.Nf3 d6 3.Bb5+ Nd7 4.O-O Nf6 5.Re1 e6 6.d4 cxd4 7.Qxd4 Be7 8.c4 O-O
9.Bxd7 Qxd7 10.Nc3 b6 11.Bg5 Rd8 12.Rad1 Kf8 13.Bxf6 Bxf6 14.e5 dxe5 15.Qe4 Qb7
16.Rxd8+ Bxd8 17.Qxh7 Bf6 18.Nxe5 Qc7 19.Nd5 exd5 20.Nd7+  1-0

[Event "Montpellier opA"]
[Site "Montpellier"]
[Date "1998.??.??"]
[Round "5"]
[White "Degraeve, Jean Marc"]
[Black "Colovic, Aleksandar"]
[Result "1-0"]
[WhiteElo "2525"]
[BlackElo "2400"]

1.e4 c5 2.Nf3 d6 3.Bb5+ Bd7 4.Bxd7+ Qxd7 5.O-O Nc6 6.b3 Nf6 7.Re1 e6 8.Bb2 Be7
9.c4 O-O 10.d4 cxd4 11.Nxd4 a6 12.Nc3 Rfd8 13.a4 Qc7 14.Nc2 Nd7 15.Ne3 Nc5
16.Rb1 Qa5 17.Ba1 Bf6 18.Qd2 Bxc3 19.Bxc3 Qb6 20.a5 Qc7 21.Qc2 Ne5 22.Red1 Qc6
23.Rd4 Ncd7 24.Rbd1 Nf6 25.Bb4 Ng6 26.Bxd6 Nxe4 27.Qxe4 Rxd6 28.Qxc6 Rxc6
29.Rd8+ Rxd8 30.Rxd8+ Nf8 31.g3 b6 32.axb6 Rxb6 33.Rd3 a5 34.f4 f6 35.Kf2 Kf7
36.Ke2 Ke7 37.Rd5 Rxb3 38.Rxa5 Nd7 39.Kd2 Kd8 40.Ra6 Ke7 41.Rc6 h6 42.f5 exf5
43.Nxf5+ Kd8 44.Nxg7 Rb2+ 45.Kc3 Rxh2 46.Ne6+ Ke7 47.Nf4 Ne5 48.Nd5+ Kd7
49.Ra6 h5 50.Nxf6+ Ke7 51.Nd5+ Kd8 52.Kd4 Nxc4 53.Kxc4 Rg2 54.Rg6 h4 55.g4 h3
56.Kc5 h2 57.Rh6 Ke8 58.Ne3 Re2 59.Kd4 Kf7 60.Ke4 Kg7 61.Rh5 Kg6 62.Kf3 Ra2
63.Ng2 Ra3+ 64.Kf4 Ra4+ 65.Kg3 Ra3+ 66.Kxh2 Ra2 67.Kg3 Ra3+ 68.Kh4 Rf3 69.Ra5  1-0

[Event "Moscow-ch op"]
[Site "Moscow"]
[Date "1998.??.??"]
[Round "2"]
[White "Krasnov, Sergey"]
[Black "Vlassov, Nikolai"]
[Result "0-1"]
[WhiteElo "2330"]
[BlackElo "2440"]

1.Nf3 c5 2.e4 d6 3.Bb5+ Nc6 4.O-O Bg4 5.h3 Bh5 6.c3 a6 7.Be2 e5 8.Nxe5 Bxe2
9.Nxc6 Bxd1 10.Nxd8 Ba4 11.Nxb7 a5 12.e5 dxe5 13.Re1 Kd7 14.d4 exd4 15.cxd4 cxd4
16.Bd2 Nf6 17.Nxa5 Bc5 18.b3 Bb5 19.a4 Bd3 20.b4 Bb6 21.Ra3 Bc2 22.Nc4 Bc7
23.b5 Rxa4 24.Rxa4 Bxa4 25.b6 Bb8 26.Nba3 Re8 27.Rxe8 Nxe8 28.Kf1 Kc6 29.Ke2 Nf6
30.Kd3 Kd5 31.b7 Nd7 32.Bb4 Bc6 33.Na5 Ne5+ 34.Kd2 Bd7 35.Bf8 g5 36.Bh6 g4
37.h4 Ng6 38.g3 Bc7 39.Ke2 Ke4 40.N5c4 Bc6 41.h5 Ne5 42.Nxe5 Bxe5 43.Nc4 Bc7
44.Bf4 d3+ 45.Ke1 Bxf4 46.gxf4 Bxb7 47.Nd6+ Kf3 48.Nxb7 d2+ 49.Kxd2 Kxf2
50.Nd6 g3 51.Ne4+ Kf3 52.Ng5+ Kxf4 53.Nh3+ Kg4 54.Ng1 Kxh5 55.Ke2 Kg4 56.Kf1 h5
57.Kg2 h4 58.Nh3 f5 59.Ng1 f4 60.Kh1 f3  0-1